Miasta na literę S w mazowszu - Statystyki

Ogólne statystyki
  • Ten quiz został rozwiązany 42 razy
    23 od ostatniego zresetowania
  • Średni wynik to 5 z 13
Statystyki odpowiedzi
Populacja Miasto % Poprawnych
75 623 Siedlce
95%
33 698 Sochaczew
60%
18 473 Sokołów Podlaski
60%
17 026 Sierpc
55%
5 152 Serock
50%
21 335 Sulejówek
50%
10 671 Szydłowiec
35%
2 309 Siennica
20%
4 418 Skaryszew
20%
1 764 Sanniki
15%
928 Sienno
15%
1 948 Sochocin
10%
928 Solec nad Wisłą
5%
Nie znaleziono quizów pasujących do podanych kryteriów
Rozkład punktacji
Procent ludzi z każdym wynikiem
Percentyl według liczby udzielonych odpowiedzi
Twoja historia wyników
Nie rozwiązałeś tego quizu od ostatniego zresetowania